Normal view
MARC view
Entry Topical Term
001 - CONTROL NUMBER
- control field: 2759
003 - CONTROL NUMBER IDENTIFIER
- control field: BD-RjUL
005 - DATE AND TIME OF LATEST TRANSACTION
- control field: 20220425141616.0
008 - FIXED-LENGTH DATA ELEMENTS
- fixed length control field: 220425|| aca||aabn | a|a d
040 ## - CATALOGING SOURCE
- Original cataloging agency: BD-RjUL
- Transcribing agency: BD-RjUL
150 ## - HEADING--TOPICAL TERM
- Topical term or geographic name entry element: Civilization, Western
- General subdivision: Arab influences
670 ## - SOURCE DATA FOUND
- Source citation: Work cat.: (BD-RjUL)79756: العقاد، عباس محمود،[ʻAbbās Maḥmūd ʻAqqād] 1889-1964 2758, اثر العرب في الحضارة الاوروبية /[Athar al-ʻArab fī al-ḥaḍārah al-Ūrūbbīyah] /, ١٩٤٦